000 00738nam a2200241Ia 4500
003 OSt
005 20220926030800.0
006 a|||||r|||| 00| 0
007 ta
008 220923b |||||||| |||| 00| 0 eng d
037 _cGeneral Book
040 _aRTL
_cRTL
_beng
041 _2eng
_aeng
082 _aXM,91(M7).2.N7, L8
100 _aRao S B Ed.
_9334826
245 0 _aManagement of handloom cooperatives
_b Policies, pro
260 _aPune
_bVMNICM India
_c1978
300 _a302p
_ccm.
490 _aVaikant Mehta National Institute of Cooperative Management Publication
650 _aCooperative Economics
942 _hXM,91(M7).2.N7, L8
_cGB
_2CC
999 _c650675
_d650675